000 00334nam a22001457a 4500
008 230418b ||||| |||| 00| 0 eng d
020 _a9780871401182
041 _aeng
080 _a101
082 _a101FRE
100 _a44
101 _aFILOZO
245 _aINTRODUCTORY LECTURES ON PSYCHO-ANALYSIS
_cFREUD .S
942 _2udc
_cBK
999 _c59578
_d59578